Metodologie výzkumu politiky

Salvato in:
Dettagli Bibliografici
Altri autori: Beneš, Vít, Drulák, Petr
Natura: Libro
Lingua:ceco
Pubblicazione: Praha Sociologické nakladatelství (SLON) 2019
Edizione:1. vydání
Soggetti:
Tags: Aggiungi Tag
Nessun Tag, puoi essere il primo ad aggiungerne!!

MARC

LEADER 00000nam a2200000 4500
001 0300022
005 20240605144933.6
020 |a 978-80-7419-283-8 
041 0 |a cze 
044 |a CZ 
245 1 0 |a Metodologie výzkumu politiky  |c Vít Beneš, Petr Drulák (eds.) 
250 |a 1. vydání 
264 1 |a Praha  |b Sociologické nakladatelství (SLON)  |c 2019 
300 |a 360 s. 
610 2 0 |a politológia 
610 2 0 |a politika 
610 2 0 |a metodológia 
610 2 0 |a vzťahy medzinárodné 
610 2 0 |a výskum vedecký 
610 2 0 |a analýza regresná 
610 2 0 |a analýza korelačná 
610 2 0 |a analýza obsahová 
610 2 0 |a teória hier 
610 2 0 |a etnografia 
700 1 |a Beneš, Vít 
700 1 |a Drulák, Petr